Statistiken für Quiz uber Mario Sorin Simion

Klicken Sie hier um das Quiz zu spielen!

Allgemein

  • Dieses Quiz wurde 20 mal gespielt
  • Das Durchschnittsergebnis liegt bei 7 aus 15

Antwortstatistiken

HintAntwort% Korrekt
Ist mario opfer?ja
100%
Ist mario 69 jahre alt?ja
100%
Lutsch er schwanze?ja
100%
hat er gavro gefickt?ja
100%
mag er patryk?nein
100%
Wer ist mario?opfer
30%
Wie heisst er?opfer
30%
Ist er etwas?er ist nix
20%
mag er kacper?er liebt
20%
mag er adamer liebt
20%
welche bundesland ist er?Hessen
20%
Wer ist er?Hurenbuher
20%
Was spielt er?Kakaspiele
20%
Wie oft wixxt er?mind.10 pro tag
20%
Wo wohnt er?Oberabtsteinach
20%

Verteilung der Resultate

Perzentil nach korrekt beantworteten Fragen

Anzahl Personen mit jedem Resultat

Ihre Resultats-Entwicklung

Sie haben dieses Quiz noch nicht gespielt